000
00248nam a2200097Ia 4500
001
686094
005
20250826161530.0
008
250824s9999 xx 000 0 und d
245
0
_a
Gerçek Özgürlük
_c
DOĞAN CÜCELOĞLU
260
_b
REMZİ KİTABEVİ
999
_c
686094
_d
686094